000 00309nam a22001337a 4500
008 170505b xxu||||| |||| 00| 0 eng d
020 _a9780135137574
041 _aeng
080 _210 ED
_a343.9
100 _a14
101 _aSHJ
245 _aCRIMINAL JUSTICE TODAY
_cSCHMALLEGER.F
942 _2udc
_cBK
999 _c12833
_d12833